000 00720cam a2200157 4500
001 WS118636
008 020702n 000 0 eng u
035 _a(Sirsi) u118636
245 _aAggregate Research Industries
520 _aWeb site for this grouping of the worlds foremast experts in aggregate production which provides a focus for new technologies to apply commercially orientated research for aggregate businesses. Includes worksheets for concrete mix design and a selection of free resources.
650 _aAGGREGATES
650 _aINTERNATIONAL
690 _aMINING AND MINERALS
856 4 0 _uhttps://www.aggregateresearch.com
_zView the website free of charge at www.aggregateresearch.com...
942 _n0
999 _c120062
_d120062